000 00264pam a2200121 a 4500
020 _c
041 _aeng
100 _aDurden Field Smith.
245 _aCine-Biology
_hTextual Documents
260 _aNew York
_bPenguin Books Ltd
300 _a128p.
930 _a15308
999 _c92208
_d92208